000
00303nam a2200121Ia 4500
005
20251222154313.0
008
251222s9999||||xx |||||||||||||| ||spa||
020
_a
978-612-45331-0-5
082
_a
662.88/T75
100
_a
"Torres Zorrilla, Jorge"
245
0
_a
Biocombustibles en el PerĂº
942
_c
LIB
999
_c
33455
_d
33455